000 00517nam a2200181 a 4500
020 _a0333365801 (cased) :
020 _a0333416074 (pbk) :
040 _cUKM
082 _a338 MAC 1987 A066 Or.
100 1 _aHeathfield, David F
245 1 3 _aAn introduction to cost and production functions /
260 _aBasingstoke :
_bMacmillan,
_c1987
300 _axv, 193 p. :
_bill. ;
_c23 cm
500 _aIncludes index
650 0 _aProduction functions (Economic theory)
700 1 0 _aWibe, S©œren,
942 _cEK
999 _c14190
_d14190